<?xml version="1.0" encoding="UTF-8"?>
<record
    xmlns:xsi="http://www.w3.org/2001/XMLSchema-instance"
    xsi:schemaLocation="http://www.loc.gov/MARC21/slim http://www.loc.gov/standards/marcxml/schema/MARC21slim.xsd"
    xmlns="http://www.loc.gov/MARC21/slim">

  <leader>01893nam a22001577a 4500</leader>
  <datafield tag="082" ind1=" " ind2=" ">
    <subfield code="a">621</subfield>
  </datafield>
  <datafield tag="100" ind1=" " ind2=" ">
    <subfield code="a">Qurashi, Muhammad Siddique </subfield>
    <subfield code="9">119987</subfield>
  </datafield>
  <datafield tag="245" ind1=" " ind2=" ">
    <subfield code="a">Experimental Investigation of Multi-Particles Sorting using Microfluidic Devices /</subfield>
    <subfield code="c">Muhammad Siddique Qurashi</subfield>
  </datafield>
  <datafield tag="264" ind1=" " ind2=" ">
    <subfield code="a">Islamabad :</subfield>
    <subfield code="b">SMME- NUST; </subfield>
    <subfield code="c">2023.</subfield>
  </datafield>
  <datafield tag="300" ind1=" " ind2=" ">
    <subfield code="a">45p.</subfield>
    <subfield code="b">Soft Copy</subfield>
    <subfield code="c">30cm</subfield>
  </datafield>
  <datafield tag="500" ind1=" " ind2=" ">
    <subfield code="a">In inertial Microfluidic field, movement of different particle causes different equilibrium
position in microchannel because of the inertial effects. For particle sorting this is not appreciable.
So with the help of secondary flow (which is at right angle to the primary flow) and drag of
particles, number of equilibrium positions can be reduced and this also help in focusing of the
particles. Amplitude and direction of secondary flow can be influenced by the curved configuration
of the microchannel. In this thesis work, three different size of blood cells (Erythrocyte 9&#xB5;m,
Lymphocyte 15&#xB5;m and Monocyte 20&#xB5;m) were analyzed using passive techniques. We used two
different techniques for the manufacturing of microchannel. First microchannel was produced by
using SLA 3D printing and second channel was manufacture by using laser cutting technique. In
both techniques, there was only one inlet and three outlets. We use three different angles (30, 60
and 90) between outlets for each manufacturing technique. Both channels were studied under
microscope. Among these two channels laser channel gives better results. After taking images with
the help of microscope, image post processing was done by using MATLAB. We can use that
microfluidic device in medical labs as it is easy to use, portable and had low cost.</subfield>
  </datafield>
  <datafield tag="650" ind1=" " ind2=" ">
    <subfield code="a">MS Mechanical Engineering      </subfield>
    <subfield code="9">119495</subfield>
  </datafield>
  <datafield tag="700" ind1=" " ind2=" ">
    <subfield code="a">Supervisor : Dr. Emad Uddin</subfield>
    <subfield code="9">119529</subfield>
  </datafield>
  <datafield tag="856" ind1=" " ind2=" ">
    <subfield code="u">http://10.250.8.41:8080/xmlui/handle/123456789/32665</subfield>
  </datafield>
  <datafield tag="942" ind1=" " ind2=" ">
    <subfield code="2">ddc</subfield>
    <subfield code="c">THE</subfield>
  </datafield>
  <datafield tag="999" ind1=" " ind2=" ">
    <subfield code="c">607459</subfield>
    <subfield code="d">607459</subfield>
  </datafield>
  <datafield tag="952" ind1=" " ind2=" ">
    <subfield code="0">0</subfield>
    <subfield code="1">0</subfield>
    <subfield code="4">0</subfield>
    <subfield code="7">0</subfield>
    <subfield code="a">SMME</subfield>
    <subfield code="b">SMME</subfield>
    <subfield code="c">EB</subfield>
    <subfield code="d">2024-01-22</subfield>
    <subfield code="l">0</subfield>
    <subfield code="o">621</subfield>
    <subfield code="p">SMME-TH-834</subfield>
    <subfield code="r">2024-01-22</subfield>
    <subfield code="w">2024-01-22</subfield>
    <subfield code="y">THE</subfield>
  </datafield>
</record>
